000 01244nam a2200325 c 4500
003 BLK
005 20180420214240.0
008 180412b bul|||||r ||||||| ||bul||
010 _aKNG00009038000
020 _a954-8706-38-5
_bиздат.: Тилиа
040 _aBLK
041 _aBUL
_cBUL
080 _aТърговско право
_b347.7
_x(075.3)
_z347.7(075.3)
100 1 _aГерджиков, Огнян Стефанов
_eпърви автор
_9246323
139 _aГерджиков, Огнян Стефанов
_bГ 38
245 1 0 _aОснови на търговското право
_bФирмено право : Учебник за средните у-ща
_cОгнян Стефанов Герджиков.
257 _aBGR
260 София
_bТилиа
_c1995
300 _a176 с.
_c24 см
380 _a3
500 _aКратък терминол. юрид. речник
650 4 _aТърговско право - учебници за средни училища
_9252832
653 _aоснови
653 _aправо
852 _aЦб 184242
856 4 _qpdf
_u
856 4 _qpdf
_u
942 _cKNG
_n0
944 _aCR
_c15.01.2003
_kКети_Илиева
944 _aED
_c11.08.2015
_kГеновева_Генчева
999 _c7715
_d7715